000 00412nam a22001697a 4500
005 20180621110520.0
008 160629b xxu||||| |||| 00| 0 eng d
020 _a978-0-07-050721-0
041 _aeng
082 _b10978
_a658
100 _aDas, Ranjan and Basu, Undayan Kumar
_93133
245 _aCorporate Restructuring
260 _bTMH
_c2009
300 _a284
650 _aManagement
_9241
942 _cBK
999 _c4584
_d4582